Normal view MARC view

Entry Corporate Name

Number of records used in: 3

001 - CONTROL NUMBER

  • control field: 49308

003 - CONTROL NUMBER IDENTIFIER

  • control field: OSt

005 - DATE AND TIME OF LATEST TRANSACTION

  • control field: 20240726082747.0

008 - FIXED-LENGTH DATA ELEMENTS

  • fixed length control field: 240726|| aca||aabn | a|a d

040 ## - CATALOGING SOURCE

  • Original cataloging agency: OSt
  • Transcribing agency: OSt

110 ## - HEADING--CORPORATE NAME

  • Corporate name or jurisdiction name as entry element: နိုင်ငံတော်သံဃမဟာနယကအဖွဲ့။

670 ## - SOURCE DATA FOUND

  • Source citation: Work cat.: (OSt): နိုင်ငံတော်သံဃမဟာနယကအဖွဲ့။, ဗုဒ္ဓဘာသာယဥ်ကျေးမှုစာမေးပွဲသင်ခန်းစာ /, ၁၉၉၁။

Library - 09407999929
Admin Office - 09407999979
Dean Office - 09250910768
Registrar Office - 09892297154
Email - [email protected]
Shan State Buddhist University, Phaya Phyu Taunggyi, Shan State, Myanmar.